Διαχείριση ενέργειας σε τοπικό επίπεδο : περιβαλλοντική διάσταση : διατριβή
Αποθηκεύτηκε σε:
| Κύριος συγγραφέας: | |
|---|---|
| Συγγραφή απο Οργανισμό/Αρχή: | |
| Άλλοι συγγραφείς: | |
| Μορφή: | Thesis Βιβλίο |
| Γλώσσα: | Greek |
| Δημοσίευση: |
2007
|
| Θέματα: | |
| Διαθέσιμο Online: | http://hdl.handle.net/11610/15138 |
| Ετικέτες: |
Προσθήκη ετικέτας
Δεν υπάρχουν, Καταχωρήστε ετικέτα πρώτοι!
|
MARC
| LEADER | 00000cam a2200000 i 4500 | ||
|---|---|---|---|
| 001 | 1/103797 | ||
| 008 | 090406s2007 gre d | ||
| 035 | |l 10104187 | ||
| 040 | |a GR-MY-UA |b gre |e aacr | ||
| 041 | 0 | |a gre | |
| 082 | 0 | |a 333.79 |2 (22) | |
| 100 | 1 | |a Κατσιώρχη, Αλεξάνδρα. | |
| 245 | 1 | 0 | |a Διαχείριση ενέργειας σε τοπικό επίπεδο : |b περιβαλλοντική διάσταση : διατριβή / |c Αλεξάνδρα Ν. Κατσιώρχη ; επιβλέπων καθηγητής: Χαραλαμπόπουλος Δίας |
| 260 | |c 2007 | ||
| 300 | |a 70 σ.; |b εικ.; |c 30 εκ. | ||
| 500 | |a Περιέχει βιβλιογραφία | ||
| 502 | |a Διατριβή (μεταπτυχιακή) – Πανεπιστήμιο Αιγαίου, Λέσβος, 2007. | ||
| 650 | 0 | 0 | |a Energy consumption |x Environmental aspects. |
| 650 | 0 | 0 | |a Energy conservation |x Environmental aspects. |
| 650 | 0 | 0 | |a Environmental management. |
| 650 | 0 | 0 | |a Energy development |x Environmental aspects. |
| 650 | 0 | 0 | |a Renewable energy sources |x Environmental aspects. |
| 650 | 0 | 0 | |a Dissertations, Academic |z Greece. |
| 700 | 1 | |a Χαραλαμπόπουλος, Δίας. |4 ths | |
| 710 | 2 | |a Πανεπιστήμιο Αιγαίου |b Σχολή Περιβάλλοντος |b Τμήμα Περιβάλλοντος |b Πρόγραμμα Μεταπτυχιακών Σπουδών Περιβαλλοντική Πολιτική και Διαχείριση. | |
| 852 | |a INST |b LESVOS |c DIATR |e 20090406 |h 463 |p 005100045303 |q 005100045303 |t MTXE |y 23 | ||
| 852 | |a INST |b LESVOS |c DIATR |e 20090406 |h 464 |p 005100045304 |q 005100045304 |t MTXE |y 23 | ||
| 856 | |u http://hdl.handle.net/11610/15138 | ||
| 901 | |a BIBL1-2009-1 | ||
| 909 | |a Λ |b 130389 | ||
| 909 | |a Λ |b 130388 | ||
| 924 | |a ΚΑΤΣΙΩΡΧΗ |b ΑΛΕΞΑΝΔΡΑ |y ΛΕΣΒΟΣ |z 2007-03 | ||
| 970 | |a ΤΖΑΦΕΡΗ |b ΕΥΑΓΓΕΛΙΑ |z 2009/04/06 | ||